| 000 | 00519nam a2200193Ia 4500 | ||
|---|---|---|---|
| 001 | 23349 | ||
| 008 | 171027s1955 ii g b000 u 465 u | ||
| 082 | _a338 | ||
| 100 | _aMehta, M.M. . | ||
| 245 | 0 |
_aMeasurement of Industrial Productivity / _cM.M. Mehta. _hTextual Documents |
|
| 250 | _a1st ed. / | ||
| 260 |
_aCalcutta : _bThe World Press Pvt. , _cc1955. |
||
| 300 |
_a98p. ; _c22cm. |
||
| 504 | _aIndex | ||
| 653 | _aEconomics | ||
| 653 | _aT/G-Economics | ||
| 653 | _aIndustrial Economics | ||
| 942 |
_2ddc _cBK |
||
| 999 |
_c23331 _d23331 |
||